000 00895cam a22003257a 4500
001 17658259
003 OSt
005 20160420151949.0
008 130313t20132013inua 001 0 eng d
010 _a 2013935191
016 7 _a016199239
_2Uk
020 _a9780789750372 (pbk.)
020 _a0789750376 (pbk.)
035 _a(OCoLC)ocn846917416
040 _aSEKU
042 _alccopycat
050 0 0 _aTK 5105.8885
_b.R8
082 0 4 _a006.7/52
_223
100 1 _aRutledge, Patrice-Anne.
245 1 0 _aWordPress on demand /
_cPatrice-Anne Rutledge.
264 1 _aIndianapolis, IN :
_bQue,
_c[2013]
264 4 _c2013
300 _axix, 303 p. :
_b ill. (col) ;
_c24 cm.
490 1 _aOn demand
500 _aIncludes index.
630 0 0 _aWordPress (Electronic resource)
650 0 _aBlogs
_xComputer programs.
650 0 _aWeb sites
_xAuthoring programs.
942 _2lcc
_cGEN
999 _c12881
_d12881